000
00252nam a2200097Ia 4500
008
220204s9999 xx 000 0 und d
082
_a
058STA
_b
STA
245
0
_a
Statesman's yearbook and world gazetteer
260
_a
London
_b
Macmillan
_c
1978
942
_c
BK
999
_c
23947
_d
23947